000 00465nam a2200193 4500
003 LK-CoMWRAF
005 20231230115340.0
008 231014b |||||||| |||| 00| 0 eng d
020 _a8171670881
040 _aLK-CoMWRAF
_dLK-CoMWRAF
_eLK-CoMWRAF
041 _aeng
082 _a821
_bPAD
100 _aPadhi, Bibhu
245 _aA Wound lesewhere
260 _aCalcutta :
_bRupa,
_c1992.
300 _a73p
650 _aEnglish poetry--India
942 _cBK
999 _c3859
_d3859